00587nam a22001812 4500001001100000005001700011008004100028020001700069040001500086100003900101245007500140250001300215260003100228300001700259650006500276650006100341852000300402000002454720151217152304.0140106s xx 000 0 eng d a1904501459 : aKABUcKABU1 aTurner, Jonathan D. C.@000018482210aIntellectual property and EU competition law /cJonathan D. C. Turner. a1st ed. aOxford :bO. U. P.,c2010. alxv, 311 p. 0aIntellectual propertyzEuropean union countries.@0000182293 0aRestraint of tradezEuropean Union coutries.@00001787551